000 01082nam a22002897a 4500
001 ENG-90664
003 dpl
005 20080801171135.0
008 080801t xxu||||| |||| 00| 0 eng d
010 _aENG-90667
020 _a8189654462
_c595.00
035 _aEN-74200
037 _bDBAD / PUB
040 _aDPL
082 _a362.83095433
245 _aConfronting violence against women :
_cedited by Vineetha Menon [and] K.N. Nair
_bengendering Kerela's development experience /
260 _aDelhi
_bDaanish Books
_cc2008
270 _aB-802, Taj Apartments, Gazipur,
_bDelhi
_e110 096
_mdaanishbooks@gmail.com
300 _a306p.
_c22cm.(Hb)
490 _aStudies in local-level development; 8
500 _aIncludes and index
650 _aWomen
_xviolence against
700 _aMenon, Vineetha
700 _aNair, K.N.
942 _adpl
_cEN
_2ddc
_h362.83095433
_mCON
999 _c14726
_d14726